LEADER 01159cam2 2200277 450 001 E600200062654 005 20210922144553.0 100 $a20100406d1885 |||||ita|0103 ba 101 $alat 102 $aIT 200 0 $a2, 1 210 $aNeapoli$cEx Regio Typographeo Equ. Francisci Giannini$d1885 215 $aXVIII, 444 p.$dXII tav. f.t. ; 34 cm. 225 2 $aSocietà Napoletana di Storia Patria$eMonumenti storici$vserie 2 410 1$1001LAEC00024464$12001 $a*Società Napoletana di Storia Patria : Monumenti storici$vserie 2 461 1$1001E600200033605$12000 $aMonumenta ad Neapolitani Ducatus historiam pertinentia : quae partim nunc primum, partim iterum typis vulgantur 700 1$aCapasso$b, Bartolomeo$3A600200027052$4070$036189 801 0$aIT$bUNISOB$c20210922$gRICA 850 $aUNISOB 852 $aUNISOB$j090$m79160 912 $aE600200062654 940 $aM 102 Monografia moderna SBN 941 $aM 957 $a090$bXVII (17)$i-2,1$gCON$d79160$racquisto$1beth$2UNISOB$3UNISOB$420100406090253.0$520210922144553.0$6bethb$fConsultabile previa autorizzazione. Esempl. n.118 di 275 996 $a2, 1$91705054 997 $aUNISOB LEADER 01220nam 2200337Ia 450 001 996386732503316 005 20221108021556.0 035 $a(CKB)4940000000081162 035 $a(EEBO)2240871105 035 $a(OCoLC)13677156 035 $a(EXLCZ)994940000000081162 100 $a19860602d1680 uy | 101 0 $aeng 135 $aurbn||||a|bb| 200 10$aPeter's pattern, or, The perfect path to worldly happiness$b[electronic resource] $eas it was delivered in a funeral sermon preached at the internment of Mr. Hugh Peters, lately deceased /$fby J.C., translator of Pineda upon Job, and one of the Triers 210 $aLondon $c[s.n.]$d1680 215 $a15 p 300 $aA satire against Hugh Peters, fictiously attributed to Joseph Caryl, expositor of Job. Cf. Brinley cat., no. 637. 300 $aReproduction of original in Huntington Library. 330 $aeebo-0113 700 $aJ. C$0793287 701 $aCaryl$b Joseph$f1602-1673.$01003625 801 0$bEAA 801 1$bEAA 801 2$bm/c 801 2$bEAA 801 2$bWaOLN 906 $aBOOK 912 $a996386732503316 996 $aPeter's pattern, or, The perfect path to worldly happiness$92321128 997 $aUNISA LEADER 00725nam a2200217 i 4500 001 991002179809707536 005 20020503162011.0 008 990608s1979 it ||| | ita 035 $ab10327678-39ule_inst 035 $aEXGIL98943$9ExL 040 $aBiblioteca Interfacoltà$bita 100 1 $aDe Roberto, Federico$0152225 245 13$aLa "cocotte" 260 $aMilano :$bCurcio,$c1979 300 $a328 p. ;$c21 cm. 907 $a.b10327678$b02-04-14$c27-06-02 912 $a991002179809707536 945 $aLE002 Fondo Giudici M 914$g1$iLE002G-914$lle002$o-$pE0.00$q-$rn$so $t0$u0$v0$w0$x0$y.i10385460$z27-06-02 996 $a"cocotte"$9200111 997 $aUNISALENTO 998 $ale002$b01-01-99$cm$da $e-$fita$git $h3$i1